Quizzes
Events
Quiz Creation
Community
Videos
Private Events
Remove Ads
Sign In
Join for FREE
Feedback
Dark Mode
Quiz Categories
Sports
Geography
Music
Movies
Television
Just For Fun
Miscellaneous
History
Literature
Language
Science
Gaming
Entertainment
Religion
Holiday
For Kids
Quiz Lab
Recent
Popular Today
Quiz Kudos Today
Editor Picks
Curator Picks
Quizzes by...
Day
Popularity
Type
Ratings
Length
Year
Community
Subscriptions
Recent Discussions
Orange Saloon
Badges
Playlists
Quests
Create
Leaderboards
Showdown
Live 5
Trivia Bingo
Activity
Puzzle Library
Sporcle Events
Private Events
Virtual Trivia
Globe League
Become a Host
Pub Owners
SporcleCon
Opinionation
Our Games
Videos
Blog
Mobile Apps
Partnerships
Remove Ads and Go Orange
Feedback
Sports
Athletes
MLB
NBA
NHL
NFL
Soccer
Sports Teams
WWE
NCAA
Football
Premier League
Basketball
Baseball
Hockey
Golf
Tennis
Cricket
Rugby
Auto Racing
Olympics
World Cup
Sports
Athletes
MLB
NBA
NHL
NFL
Soccer
Sports Teams
WWE
NCAA
Football
Premier League
Basketball
Baseball
Hockey
Golf
Tennis
Cricket
Rugby
Auto Racing
Olympics
World Cup
Random Quiz
Search Sporcle
×
Quiz Lab
Quiz Lab
Sports
Baseball
Type in answers that appear in a list
Type in answers that appear in a list
Classic
Best Score? Go Orange.
MLB 2009 Opening Day Lineups (NL) Stats
Can you name the MLB 2009 Opening Day Lineups (NL) ?
By
sienna66
15m
144 Questions
1,171 Plays
1,171 Plays
1,171 Plays
Comments
Comments
Give Quiz Kudos
Give Quiz Kudos
-
- Ratings
hide this ad
More Info
Replay
Link that replays current quiz
Next Quiz
Link to next quiz in quiz playlist
You Got
0%
They Got
Avg Score
57%
Avg Friend Score
Upgrade to see
Score Distribution
Jump to the score distribution portion of the page
Score
0/144
Timer
15:00
0
Plays Today
Team
Player
% Correct
Philadelphia Phillies
Jimmy Rollins
97.1%
Philadelphia Phillies
Ryan Howard
96.8%
Philadelphia Phillies
Chase Utley
96.2%
Atlanta Braves
Chipper Jones
95.6%
New York Mets
David Wright
94.3%
New York Mets
Jose Reyes
93.3%
Florida Marlins
Hanley Ramirez
92.4%
Los Angeles Dodgers
Manny Ramirez
92.4%
Chicago Cubs
Aramis Ramirez
92.2%
Houston Astros
Carlos Lee
92.1%
Chicago Cubs
Derrek Lee
92%
St. Louis Cardinals
Albert Pujols
89.9%
Philadelphia Phillies
Shane Victorino
89.7%
New York Mets
Carlos Beltran
88.9%
Cincinnati Reds
Alex Gonzalez
88.2%
San Diego Padres
Adrian Gonzalez
88.2%
Philadelphia Phillies
Jayson Werth
88%
Colorado Rockies
Todd Helton
87.9%
Milwaukee Brewers
Prince Fielder
87.9%
Atlanta Braves
Kelly Johnson
87.4%
Washington Nationals
Nick Johnson
87.4%
New York Mets
Carlos Delgado
86.6%
Milwaukee Brewers
Ryan Braun
85.8%
Atlanta Braves
Brian McCann
84.5%
Houston Astros
Lance Berkman
82.9%
St. Louis Cardinals
Yadier Molina
82.1%
San Francisco Giants
Bengie Molina
82.1%
Philadelphia Phillies
Raul Ibanez
81.6%
New York Mets
Johan Santana
81%
Cincinnati Reds
Joey Votto
80.9%
Chicago Cubs
Alfonso Soriano
80.9%
Philadelphia Phillies
Carlos Ruiz
80.3%
Los Angeles Dodgers
Russell Martin
80%
Washington Nationals
Ryan Zimmerman
79.8%
Colorado Rockies
Troy Tulowitzki
78.6%
Cincinnati Reds
Brandon Phillips
78.3%
Washington Nationals
Adam Dunn
77.3%
Los Angeles Dodgers
Rafael Furcal
77.2%
Florida Marlins
Dan Uggla
77.1%
Los Angeles Dodgers
Matt Kemp
76.8%
Philadelphia Phillies
Pedro Feliz
75%
Los Angeles Dodgers
Andre Ethier
74.1%
Chicago Cubs
Carlos Zambrano
73.4%
Houston Astros
Roy Oswalt
72%
Los Angeles Dodgers
Orlando Hudson
71.2%
Arizona Diamondbacks
Brandon Webb
71%
St. Louis Cardinals
Adam Wainwright
71%
San Francisco Giants
Tim Lincecum
70.9%
Team
Player
% Correct
Milwaukee Brewers
Rickie Weeks
70.3%
Los Angeles Dodgers
James Loney
70%
New York Mets
Luis Castillo
69.3%
Pittsburgh Pirates
Freddy Sanchez
69%
Chicago Cubs
Geovany Soto
67.4%
Atlanta Braves
Derek Lowe
65.6%
Cincinnati Reds
Jay Bruce
65%
Pittsburgh Pirates
Adam LaRoche
65%
Pittsburgh Pirates
Andy LaRoche
65%
Arizona Diamondbacks
Chris Young
64.9%
Arizona Diamondbacks
Stephen Drew
64.4%
Cincinnati Reds
Aaron Harang
64.2%
San Francisco Giants
Pablo Sandoval
64.2%
Milwaukee Brewers
JJ Hardy
63.8%
San Diego Padres
Jake Peavy
63.5%
Chicago Cubs
Kosuke Fukudome
60.1%
Colorado Rockies
Garrett Atkins
59.9%
Pittsburgh Pirates
Jack Wilson
59.9%
Philadelphia Phillies
Brett Myers
59.8%
Atlanta Braves
Yunel Escobar
59.7%
Milwaukee Brewers
Corey Hart
58.8%
Milwaukee Brewers
Bill Hall
58.6%
Colorado Rockies
Brad Hawpe
58.1%
Cincinnati Reds
Ramon Hernandez
57.5%
Chicago Cubs
Ryan Theriot
57.1%
Houston Astros
Miguel Tejada
55.6%
Houston Astros
Ivan Rodriguez
55.5%
San Diego Padres
Luis Rodriguez
55.4%
Los Angeles Dodgers
Casey Blake
55.3%
Houston Astros
Hunter Pence
54.9%
San Diego Padres
Brian Giles
54.5%
San Francisco Giants
Edgar Renteria
54.4%
Houston Astros
Michael Bourn
54.4%
Washington Nationals
Christian Guzman
54%
Milwaukee Brewers
Jason Kendall
53.2%
Pittsburgh Pirates
Nate McLouth
51.8%
Milwaukee Brewers
Mike Cameron
51.8%
St. Louis Cardinals
Ryan Ludwick
51.1%
Colorado Rockies
Aaron Cook
51%
Arizona Diamondbacks
Conor Jackson
50.8%
Pittsburgh Pirates
Ryan Doumit
50.8%
Atlanta Braves
Jeff Francoeur
50.5%
Colorado Rockies
Seth Smith
50.5%
Cincinnati Reds
Edwin Encarnacion
49.1%
St. Louis Cardinals
Rick Ankiel
47.9%
St. Louis Cardinals
Khalil Greene
47.8%
Chicago Cubs
Milton Bradley
47.5%
New York Mets
Brian Schneider
46.2%
Team
Player
% Correct
New York Mets
Daniel Murphy
46.1%
New York Mets
Ryan Church
45.7%
Pittsburgh Pirates
Nyjer Morgan
45.4%
San Diego Padres
David Eckstein
44.3%
Atlanta Braves
Garret Anderson
43.2%
Houston Astros
Kazuo Matsui
42.8%
San Francisco Giants
Aaron Rowand
42.4%
Florida Marlins
Jorge Cantu
42%
Chicago Cubs
Mike Fontenot
41.5%
Washington Nationals
Lastings Milledge
41.2%
Washington Nationals
John Lannan
40.9%
Atlanta Braves
Casey Kotchman
38%
San Francisco Giants
Randy Winn
37.9%
Colorado Rockies
Chris Iannetta
37.8%
Arizona Diamondbacks
Felipe Lopez
37.5%
Florida Marlins
Cody Ross
37.4%
Pittsburgh Pirates
Paul Maholm
34.7%
St. Louis Cardinals
Brendan Ryan
34.4%
Florida Marlins
Ricky Nolasco
34.1%
Los Angeles Dodgers
Hiroki Kuroda
34.1%
Arizona Diamondbacks
Chris Snyder
33.8%
Florida Marlins
Cameron Maybin
33.4%
Milwaukee Brewers
Jeff Suppan
33.3%
Arizona Diamondbacks
Chad Tracy
31.7%
Florida Marlins
Emilio Bonifacio
31.7%
Washington Nationals
Austin Kearns
31.3%
Arizona Diamondbacks
Tony Clark
30.6%
Colorado Rockies
Ian Stewart
30.3%
Arizona Diamondbacks
Eric Byrnes
29.7%
Florida Marlins
John Baker
29.7%
Florida Marlins
Jeremy Hermida
28.7%
San Diego Padres
Chase Headley
28.5%
Washington Nationals
Ronnie Belliard
28%
San Diego Padres
Kevin Kouzmanoff
25.4%
Atlanta Braves
Jordan Schafer
25%
St. Louis Cardinals
Chris Duncan
24%
San Francisco Giants
Travis Ishikawa
23.9%
San Francisco Giants
Fred Lewis
23.6%
Cincinnati Reds
Jerry Hairston Jr.
22.7%
Washington Nationals
Jesus Flores
21.5%
Houston Astros
Geoff Blum
21.5%
Colorado Rockies
Ryan Spilborghs
21.2%
San Diego Padres
Henry Blanco
13.9%
San Diego Padres
Jody Gerut
13.5%
Pittsburgh Pirates
Brandon Moss
12.3%
San Francisco Giants
Emmanuel Burriss
10.6%
St. Louis Cardinals
Brian Barden
8.5%
Cincinnati Reds
Darnell McDonald
7.9%
Quiz Playlist
Details
Report
Send in Message
Add To Playlist
More Info:
Try the American Leauge version here: http://www.sporcle.com/games/sienna66/ALopeningday09
Classic:
Type in answers that appear in a list
Last Updated: Feb 16, 2017
Quiz Scoreboard
CHALLENGE
Sign Up to Join the Scoreboard
Show All
Scores
Hide
Comments
May contain spoilers
Recently Published
Pick 6: Fruits
by JohnFran
Miscellaneous
15s
Click the 1999 NBA Draft
by nibperrychub
Sports
2m
Alphabetical 'K' Countries by Flag Minefield
by ylime102
Geography
3m
More to Explore
Quiz From the Vault
Featured Blog Post
15 Basketball Trivia Facts You Can Be March Mad About
hide this ad
You Might Also Like...
Tags
Baseball Quiz
Football Quiz
MLB Quiz
2009
Opening Day Lineups
Player
team
Today's Top Quizzes in Sports
Browse Sports
hide this ad
Today's Top Quizzes in Baseball
Browse Baseball
Top Contributed Quizzes in Sports
1
Don't Strike Out: 3000 Strikeouts
2
MLB 2 truths and a lie: Hall of Fame pitchers
3
Pick 6: NFL Teams
4
Criteria MLB: Left Handed Sluggers
5
MLB Players with Two .350 Batting Average Seasons
6
2022 World Cup Stars
7
Les joueurs à 100 buts en Ligue 1 Uber Eats
8
Millionaire: NBA Finals Edition
9
Pick 6: Minor League Baseball
10
Last 10 Members of the 500 HR Club in Order
Explore More
Trending Topics
Marvel
Harry Potter
NBA
Anime
Kpop
Disney
Crossword
Song
Puzzle
NFL
WWE
Country
The Office
Soccer
Pokémon
hide this ad
More By:
sienna66
Quiz
Plays
Rating
Category
Featured
Created
NBA Top Selling Jerseys (2009-2010)
12,136
3.85
Sports
Jan 20, 2010
Sports Illustrated All-Decade Teams
6,557
3.91
Sports
Dec 23, 2009
MLB 2010 Projected Starters (AL)
2,188
3.19
Sports
Jan 29, 2010
MLB 2009 Opening Day Lineups (NL)
1,171
3.46
Sports
Nov 17, 2009
MLB 2009 Opening Day Lineups (AL)
858
2.75
Sports
Nov 15, 2009
Go to Creator's Profile
Score Distribution
Quiz Creator Spotlight
sienna66
Follow
Send a Message
Quizzes Created
-
Created Quiz Play Count
-
More By This Creator
Popular Quizzes Today
1
Find the US States - No Outlines Minefield
2
Countries of Asia Without Outlines Minefield
3
Pick 6: Fruits
4
The Countries of the World
5
Alphabetical 'K' Countries by Flag Minefield
6
Find the US States
7
Match the Book to the Film X
8
Click the 1999 NBA Draft
More Sports Quizzes
Ja Morant's Top Scoring teammates per season
Quiz Lab
Trending Quizzes
Pick 6: Harry Potter
Pick 6: Mountains
Pick 6: NFL Teams
Pick 6: Movie Franchises
Pick 6: Golfers
Recently Updated
Women's Final Four Teams by Year
bhenderson79
Presidents Quartet II
eogle
Anything But Clue(do)
eogle
Anything But Oceanian Capitals
eogle
Anything But 7
eogle
Anything But Thing
eogle
Word Ladder: February 29
pecheneg
Song Title Questions
pecheneg
Women's NCAA Tournament #1 Seeds
pecheneg
Celebrity Mug Shots
pecheneg
Trending Topics
Anime
Crossword
Kpop
Disney
NBA
Harry Potter
Marvel
Pokémon
Soccer
Country
NFL
WWE
The Office
Puzzle
Song
Your Account Isn't Verified!
In order to create a playlist on Sporcle, you need to verify the email address you used during registration. Go to your
Sporcle Settings
to finish the process.
Report this User
Report this user for behavior that violates our
Community Guidelines
.
Details:
Send Report
Go to the Sporcle.com Mobile Site →
Comments